| 000 | 00602nam a2200181 i 4500 | ||
|---|---|---|---|
| 001 | 23311 | ||
| 003 | ES-MaACL | ||
| 005 | 20230906152842.0 | ||
| 007 | t| | ||
| 008 | 021210s1934 ag ||||1| spa d | ||
| 100 | 1 |
_aAmadeo, Octavio R. _921072 |
|
| 245 | 1 | 0 |
_aVidas argentinas _b: Rivadavia, Mitre, Sarmiento, Avellaneda, Rosas, Irigoyen, Roca, Pellegrini, Alem, Saenz Peña / _cOctavio R. Amadeo. |
| 250 | _a2ª ed. | ||
| 260 |
_aBuenos Aires : _bLa Facultad, _c1934 ( _fLópez) |
||
| 300 |
_a324 p. ; _c21 cm. |
||
| 650 | 4 |
_aArgentinos- _xBiografías. _9155148 |
|
| 852 |
_aES-MaACL _jA-3552 _bR.15195 |
||
| 999 |
_c23311 _d23311 |
||